| 000 | 00465nam a2200169Ia 4500 | ||
|---|---|---|---|
| 003 | LK-CoDNM | ||
| 008 | 010623t2012 xxu||||| |||| 00| 1 sin d | ||
| 040 |
_aLK-CoDNM _dLK-CoDNM _eLK-CoDNM |
||
| 041 | _asin | ||
| 080 | _a133.52 RAN | ||
| 100 | _aRanathunga,R.A.Y | ||
| 245 | _aනාරිත්වය සහ නාරි ජෝතිෂ්ය | ||
| 246 | _aNarithwaya Saha Naree Jothishaya | ||
| 260 |
_bKthru _c2012 |
||
| 300 | _b182, 21 cm | ||
| 942 | _cBK | ||
| 999 |
_c132466 _d132466 |
||